000 00551nam a2200181Ia 4500
999 _c1800
_d1800
003 OSt
005 20200930144221.0
008 190216s9999||||xx |||||||||||||| ||und||
020 _a9788176497862
040 _coclc
082 _a631.5203
_bSCH/E
100 _aSchlegel, Rolf H J
_95237
245 0 _aEncyclopedic Dictionary Of Plant Breeding And Related Subjects /
_cRolf H J Schlegel
260 _bViva Books,
_c2008.
_aNew Delhi:
300 _a563p
650 _aBotany
942 _cBK
_2ddc
_h631.5203
_iSCH/E
_k631.5203
_mSCH/E